| 000 | 00560nam a2200193 a 4500 | ||
|---|---|---|---|
| 005 | 20231128063632.0 | ||
| 008 | 991125s1976 mx 000 0 spa u | ||
| 035 | _aUPN01000004576 | ||
| 049 | _aCE | ||
| 050 | 4 |
_aF1219.3 A7 _bG4.2 1976 |
|
| 100 | 1 | _aGendrop, Paul | |
| 245 | 1 | 0 |
_aArte prehispánico en Mesoamérica / _cPaul Gendrop. |
| 250 | _a2a ed. | ||
| 260 |
_aMéxico : _bTrillas, _c1976. |
||
| 300 | _a294 p., [31] h. de láms. | ||
| 650 | 4 |
_aIndígenas de México _xArte _94693 |
|
| 650 | 4 |
_aIndígenas de América Central _xArte _97361 |
|
| 905 | _aLibro | ||
| 999 |
_c4576 _d4576 |
||